000
00224nam a22000977a 4500
005
20250901165807.0
008
250320b |||||||| |||| 00| 0 eng d
040
_c
E
245
_a
MAMBO KANGAJA
_c
KULOBA, PATRICK
942
_2
lcc
_c
BK
999
_c
9326
_d
9326